00468nam a2200193Ia 4500003000400000005001700004008004100021020002200062040000700084041000800091082001700099100002000116245004400136260003600180300001700216365001300233650001600246650001200262OSt20230511143306.0210423s2014 xx 000 0 und d a978-81-265-1102-0 cAL aeng a537.622 SINS aSINGH (Jasprit) aSemiconductor devices: basic principles aNew DelhibWiley and Sonsc2014 axxx,537pbPB b599cINR aElectricity aPhysics